[Event "Superettan(Helsingborg-Rock.,Sthlm II)"]
[Site "?"]
[Date "2024.03.10"]
[Round "9"]
[White "Kristensen, Kare Hove"]
[Black "Crevatin, Leo"]
[Result "1/2-1/2"]
[WhiteElo "2303"]
[BlackElo "2305"]
[PlyCount "76"]
[EventDate "2024.??.??"]
[SourceVersionDate "2024.03.16"]

1. e4 c6 2. d4 d5 3. exd5 cxd5 4. c4 Nf6 5. Nc3 Nc6 6. Nf3 a6 7. Bg5 Be6 8.
Bxf6 exf6 9. c5 g5 10. h3 f5 11. Qd2 h6 12. O-O-O Bg7 13. Qe3 O-O 14. Bd3 Qf6
15. Bc2 Rfe8 16. Rhe1 Rac8 17. Ne5 Nxe5 18. dxe5 Qe7 19. b4 Red8 20. Na4 a5 21.
Nb6 Rc6 22. a3 axb4 23. axb4 f6 24. b5 Rxb6 25. exf6 Qxf6 26. cxb6 Bf7 27. Kd2
Rc8 28. Qd3 Qc3+ 29. Qxc3 Bxc3+ 30. Kd3 d4 31. Bb1 Bc4+ 32. Kc2 Bxe1 33. Rxe1
Bxb5+ 34. Kd2 Rc6 35. Bxf5 d3 36. Bxd3 Rd6 37. Re3 Bxd3 38. Rxd3 Rxb6 1/2-1/2

[Event "Superettan(Kristallen-Schack 08)"]
[Site "?"]
[Date "2024.03.10"]
[Round "9"]
[White "Walinder, Lars"]
[Black "Nyander, Joakim"]
[Result "1/2-1/2"]
[WhiteElo "2231"]
[BlackElo "2186"]
[PlyCount "71"]
[SourceVersionDate "2024.03.17"]

1. c4 c5 2. Nf3 Nf6 3. Nc3 b6 4. d4 cxd4 5. Nxd4 Bb7 6. f3 d6 7. e4 e6 8. Be2
Be7 9. O-O O-O 10. Be3 a6 11. Qd2 Qc7 12. Rac1 Nbd7 13. g4 h6 14. Rf2 Rfe8 15.
h4 Nh7 16. g5 hxg5 17. hxg5 Bf8 18. Rh2 g6 19. Kg2 Bg7 20. Rch1 Ndf8 21. Nc2
Rab8 22. Bd4 Bxd4 23. Qxd4 Qd8 24. Ne3 e5 25. Qd3 Nxg5 26. Ned5 Nge6 27. Kf1
Kg7 28. f4 Nxf4 29. Nxf4 exf4 30. Qh3 Ne6 31. Qh6+ Kf6 32. Qh4+ Kg7 33. Qh6+
Kf6 34. Qh4+ Kg7 35. Qh6+ Kf6 36. Qh4+ 1/2-1/2

[Event "Superettan(Helsingborg-Rock.,Sthlm II)"]
[Site "?"]
[Date "2024.03.10"]
[Round "9"]
[White "Eriksson, Dan"]
[Black "Sylvan, Jacob"]
[Result "1/2-1/2"]
[WhiteElo "2240"]
[BlackElo "2321"]
[PlyCount "46"]
[SourceVersionDate "2024.03.16"]

1. e4 c5 2. c3 Nf6 3. e5 Nd5 4. d4 cxd4 5. Nf3 e6 6. cxd4 Nc6 7. Bc4 d6 8. O-O
Be7 9. Qe2 O-O 10. Rd1 Bd7 11. Nc3 Nxc3 12. bxc3 d5 13. Bd3 Rc8 14. Bc2 Na5 15.
Qd3 g6 16. Qe3 f5 17. exf6 Bxf6 18. h4 Nc4 19. Qf4 Qc7 20. Qh6 Bg7 21. Qg5 Bf6
22. Qh6 Bg7 23. Qg5 Bf6 1/2-1/2

[Event "Superettan(Farsta-Burgsvik)"]
[Site "?"]
[Date "2024.03.10"]
[Round "9"]
[White "Haitin, Ilja"]
[Black "Lundin, Jan"]
[Result "1/2-1/2"]
[WhiteElo "2284"]
[BlackElo "2232"]
[PlyCount "147"]
[SourceVersionDate "2024.03.16"]

1. Nf3 d6 2. d4 f5 3. Nc3 Nf6 4. Bg5 Nbd7 5. d5 c5 6. e4 Nxe4 7. Nxe4 fxe4 8.
Nd2 Nf6 9. Bb5+ Bd7 10. Bxd7+ Qxd7 11. Bxf6 exf6 12. Nxe4 Be7 13. O-O f5 14.
Ng3 O-O 15. Ne2 f4 16. f3 Bf6 17. Rb1 Rae8 18. Kh1 Qf5 19. Qd2 Re3 20. Ng3 Qe5
21. Ne4 Bh4 22. Qa5 Rxe4 23. fxe4 Qxe4 24. Qd2 Rf5 25. Rf3 g5 26. Qd3 Qxd3 27.
Rxd3 g4 28. g3 Bf6 29. gxf4 Rxf4 30. Kg2 Be5 31. b3 Kg7 32. h3 h5 33. hxg4 hxg4
34. Re1 Kg6 35. Re2 Kg5 36. Rd1 b5 37. Rf1 Rd4 38. Rf7 a5 39. Ra7 a4 40. bxa4
bxa4 41. Ra8 Rc4 42. Rg8+ Kh4 43. Rd2 Rc3 44. Re8 Rg3+ 45. Kf1 Bd4 46. Rh2+ Kg5
47. Rg2 Ra3 48. Rg8+ Kf5 49. R8xg4 Rxa2 50. Rg8 Ra1+ 51. Ke2 Ke4 52. c4 Ra2+
53. Kd1 Rxg2 54. Rxg2 a3 55. Kc1 Kd3 56. Rg3+ Kxc4 57. Rxa3 Kxd5 58. Kc2 c4 59.
Rh3 Kc5 60. Rh5+ Be5 61. Rg5 Kd5 62. Rg4 Kc5 63. Rg5 Kc6 64. Rh5 Bd4 65. Rh4
Kc5 66. Rg4 d5 67. Rg8 Be5 68. Rc8+ Kd4 69. Rd8 Bf4 70. Rc8 Bd6 71. Rc6 Bb4 72.
Rc8 Ba5 73. Rc6 Bb4 74. Rc8 1/2-1/2

[Event "Superettan(Kristallen-Schack 08)"]
[Site "?"]
[Date "2024.03.10"]
[Round "9"]
[White "Karlsson, Tomas"]
[Black "Andersson, Goran L"]
[Result "1/2-1/2"]
[WhiteElo "2278"]
[BlackElo "2184"]
[PlyCount "46"]
[SourceVersionDate "2024.03.17"]

1. e4 e5 2. Nf3 Nc6 3. Bb5 a6 4. Ba4 Nf6 5. O-O Be7 6. Re1 b5 7. Bb3 d6 8. c3
O-O 9. h3 Nb8 10. d4 Nbd7 11. Nbd2 Bb7 12. Bc2 Re8 13. Nf1 Bf8 14. Ng3 g6 15.
a4 c5 16. b3 exd4 17. cxd4 cxd4 18. axb5 axb5 19. Rxa8 Bxa8 20. Nxd4 Qb8 21.
Bg5 d5 22. exd5 Rxe1+ 23. Qxe1 Bxd5 1/2-1/2

[Event "Superettan(Helsingborg-Rock.,Sthlm II)"]
[Site "?"]
[Date "2024.03.10"]
[Round "9"]
[White "Rosell, Tomas"]
[Black "Hedman, Erik"]
[Result "1/2-1/2"]
[WhiteElo "2156"]
[BlackElo "2311"]
[PlyCount "54"]
[SourceVersionDate "2024.03.16"]

1. e4 e5 2. Bc4 Nf6 3. d3 c6 4. Nf3 d5 5. Bb3 a5 6. a4 Bb4+ 7. c3 Bd6 8. O-O
O-O 9. Re1 Nbd7 10. Nbd2 Qc7 11. Nf1 dxe4 12. dxe4 Nc5 13. Bc2 h6 14. h3 Be7
15. N3d2 Rd8 16. Qf3 Be6 17. Ng3 b5 18. b3 Bf8 19. c4 bxa4 20. bxa4 Rab8 21.
Nf5 g6 22. Qg3 Nh5 23. Qh4 Nd3 24. Bxd3 Rxd3 25. Nf3 Kh7 26. Be3 Rb4 27. Rac1
Bxc4 1/2-1/2

[Event "Superettan(Farsta-Burgsvik)"]
[Site "?"]
[Date "2024.03.10"]
[Round "9"]
[White "Hjelm, Niclas"]
[Black "Persson, Mats"]
[Result "1/2-1/2"]
[WhiteElo "2279"]
[BlackElo "2252"]
[PlyCount "52"]
[SourceVersionDate "2024.03.16"]

1. d4 Nf6 2. c4 e6 3. Nf3 d5 4. Nc3 a6 5. cxd5 exd5 6. Bg5 Be6 7. Qb3 Ra7 8. e3
Nbd7 9. Qc2 c6 10. Bd3 Qb8 11. Bf4 Bd6 12. Bg3 h6 13. O-O Bxg3 14. hxg3 a5 15.
a3 O-O 16. Rab1 Qd6 17. Rfc1 Raa8 18. Na4 Rfc8 19. Nc5 Nxc5 20. Qxc5 Qxc5 21.
Rxc5 Nd7 22. Rc3 Kf8 23. b4 axb4 24. axb4 Ke7 25. b5 c5 26. dxc5 Rxc5 1/2-1/2

[Event "Superettan(Kristallen-Schack 08)"]
[Site "?"]
[Date "2024.03.10"]
[Round "9"]
[White "van Hengel, Hugo"]
[Black "Ask, Josef"]
[Result "1-0"]
[WhiteElo "2245"]
[BlackElo "2174"]
[PlyCount "109"]
[SourceVersionDate "2024.03.17"]

1. e4 c5 2. Nf3 Nc6 3. d4 cxd4 4. Nxd4 g6 5. Nc3 Bg7 6. Be3 Nf6 7. Bc4 d6 8. f3
O-O 9. Qd2 Nxd4 10. Bxd4 Be6 11. Bxe6 fxe6 12. O-O-O Qa5 13. Kb1 b5 14. Rhe1 b4
15. Ne2 Rab8 16. Qd3 e5 17. Be3 Rfc8 18. Qb3+ Kh8 19. h4 Rc6 20. g4 Ra6 21. h5
Qa4 22. hxg6 Qxb3 23. cxb3 hxg6 24. Rc1 Ne8 25. Rc4 Kg8 26. Nc1 Ra5 27. Nd3
Rab5 28. Bxa7 R8b7 29. Be3 Nc7 30. Rec1 Ne6 31. Bd2 Nd4 32. Nxb4 Bf8 33. Bc3
Nxf3 34. a4 R5b6 35. a5 Rb5 36. Nc6 Rxb3 37. Kc2 R3b5 38. Ra1 Nd4+ 39. Nxd4
exd4 40. Bxd4 e5 41. Bc3 Rb8 42. Rc7 Bh6 43. Rd1 Be3 44. Rxd6 Bd4 45. Rxg6+ Kf8
46. a6 Rxb2+ 47. Bxb2 Rxb2+ 48. Kc1 Ra2 49. Rgc6 Ke8 50. Rb7 Kd8 51. Rg6 Ra1+
52. Kc2 Ra2+ 53. Kd3 Ra3+ 54. Kc4 Rc3+ 55. Kd5 1-0

[Event "Superettan(Farsta-Helsingborg)"]
[Site "?"]
[Date "2024.03.09"]
[Round "8"]
[White "Johansson, Thomas"]
[Black "Ong, Kezli"]
[Result "1/2-1/2"]
[WhiteElo "2274"]
[BlackElo "2166"]
[PlyCount "89"]
[SourceVersionDate "2024.03.16"]

1. e4 e5 2. Nf3 Nc6 3. Bc4 Nf6 4. d3 Bc5 5. O-O d6 6. c3 a6 7. a4 h6 8. Re1 O-O
9. h3 Be6 10. Bxe6 fxe6 11. b4 Ba7 12. Ra2 Qe8 13. b5 Nb8 14. Na3 Nbd7 15. Nc4
Nb6 16. Qb3 Nfd7 17. d4 Qg6 18. Nh2 Rf7 19. Nxb6 cxb6 20. Qd1 Rc8 21. Re3 Bb8
22. Rae2 Kh8 23. Rg3 Qh7 24. d5 Nc5 25. dxe6 Nxe6 26. Qd5 Re7 27. Rb2 a5 28.
Re2 Nc5 29. Qc4 Qg8 30. Qxg8+ Rxg8 31. Ba3 Nxa4 32. Rd3 Re6 33. Ng4 Rc8 34. Ne3
Kg8 35. Red2 Rxc3 36. Rxc3 Nxc3 37. Rc2 Nxb5 38. Rc8+ Kf7 39. Rxb8 Nxa3 40.
Rxb7+ Re7 41. Rxb6 Rc7 42. Rxd6 Nc4 43. Nxc4 Rxc4 44. Rd5 Rxe4 45. Rxa5 1/2-1/2

[Event "Superettan(Kristallen-Skara)"]
[Site "?"]
[Date "2024.03.09"]
[Round "8"]
[White "Eklund, Lars-Goran"]
[Black "Persson, Andreas"]
[Result "1/2-1/2"]
[WhiteElo "2176"]
[BlackElo "2126"]
[PlyCount "79"]
[SourceVersionDate "2024.03.16"]

1. Nf3 d5 2. d4 Nf6 3. c4 e6 4. Nc3 a6 5. cxd5 exd5 6. Bg5 Be6 7. e3 Nbd7 8.
Bd3 Bd6 9. O-O c6 10. Bh4 Qc7 11. Qe2 O-O 12. Rfc1 Bg4 13. Bg3 Rfe8 14. b4 Bxg3
15. hxg3 Qd6 16. Qc2 Bh5 17. Na4 Bg6 18. Nc5 Nxc5 19. bxc5 Qe6 20. Bxg6 hxg6
21. Rab1 Re7 22. Rb3 Rc8 23. Rcb1 Rcc7 24. R1b2 Ne4 25. Qb1 Qc8 26. Qc2 Qe6 27.
Ne5 g5 28. Qb1 Qc8 29. Nd3 f6 30. Qd1 g6 31. Qe1 g4 32. Kf1 Qf5 33. Ke2 Rh7 34.
Qa5 Rhe7 35. Rb1 Ng5 36. Qc3 Ne6 37. Nf4 Ng5 38. Nd3 Rh7 39. Qa5 Rhe7 40. Qc3
1/2-1/2

[Event "Superettan(Farsta-Helsingborg)"]
[Site "?"]
[Date "2024.03.09"]
[Round "8"]
[White "Jaderberg, Bjorn"]
[Black "Rothman, Peter"]
[Result "1/2-1/2"]
[WhiteElo "2175"]
[BlackElo "2108"]
[PlyCount "63"]
[SourceVersionDate "2024.03.16"]

1. e4 d5 2. exd5 Nf6 3. Bb5+ Bd7 4. Be2 Nxd5 5. d4 Bf5 6. Nf3 e6 7. O-O Be7 8.
a3 O-O 9. c4 Nb6 10. Nc3 Bf6 11. Ne5 Bxe5 12. dxe5 Nc6 13. Bf4 Nd7 14. g4 Bg6
15. Bg3 Nc5 16. f4 Nd4 17. b4 Bc2 18. Qe1 Nxe2+ 19. Nxe2 Ne4 20. Rf3 b6 21. Rc1
Nxg3 22. Nxg3 Ba4 23. Nh5 Qd4+ 24. Qf2 Rad8 25. g5 Bd1 26. Rh3 Bg4 27. Rh4 Bxh5
28. Rxh5 Qxf2+ 29. Kxf2 Rd2+ 30. Ke3 Rfd8 31. Rc3 g6 32. Rh6 1/2-1/2

[Event "Superettan(Kristallen-Skara)"]
[Site "?"]
[Date "2024.03.09"]
[Round "8"]
[White "Ostling, Hakan"]
[Black "Cederqvist, Niclas"]
[Result "1-0"]
[WhiteElo "2136"]
[BlackElo "1941"]
[PlyCount "51"]
[SourceVersionDate "2024.03.16"]

1. f4 d5 2. Nf3 g6 3. g3 Bg7 4. Bg2 Nf6 5. O-O O-O 6. d3 b6 7. Nc3 Bb7 8. e4 d4
9. Ne2 c5 10. h3 h5 11. f5 gxf5 12. exf5 Qd7 13. Nf4 Nc6 14. Ng5 Qxf5 15. Nxh5
Qg6 16. Nxf6+ Bxf6 17. Be4 Qg7 18. Qh5 Na5 19. Bh7+ Kh8 20. Bf5+ Kg8 21. Ne4
Rfd8 22. Bh6 Qh8 23. Nxf6+ Qxf6 24. Bh7+ Kxh7 25. Rxf6 exf6 26. Bg5+ 1-0

[Event "Superettan(Farsta-Helsingborg)"]
[Site "?"]
[Date "2024.03.09"]
[Round "8"]
[White "Nilsson Hask, Patrik"]
[Black "Lindeman, Sven"]
[Result "0-1"]
[WhiteElo "2078"]
[BlackElo "2156"]
[PlyCount "78"]
[SourceVersionDate "2024.03.16"]

1. d4 Nf6 2. Bf4 c5 3. d5 e6 4. Nc3 Qa5 5. Bd2 Qd8 6. e4 a6 7. a4 exd5 8. exd5
d6 9. Nf3 Bg4 10. h3 Bh5 11. Be2 Be7 12. O-O O-O 13. Be3 Re8 14. Nd2 Bxe2 15.
Qxe2 Bf8 16. Nc4 Nbd7 17. a5 b5 18. axb6 Nxb6 19. Nxb6 Qxb6 20. Qd3 g6 21. g3
Bg7 22. b4 Nd7 23. bxc5 Nxc5 24. Qc4 Qb2 25. Na4 Qb5 26. Qa2 Bxa1 27. Nxc5 Be5
28. c4 Qb2 29. Qxb2 Bxb2 30. Nb7 a5 31. Nxd6 Red8 32. Nb5 a4 33. d6 a3 34. c5
Ra6 35. Nxa3 Rxa3 36. Bc1 Ra2 37. Bxb2 Rxb2 38. Rc1 Rd2 39. Ra1 Rd5 0-1

[Event "Superettan(Kristallen-Skara)"]
[Site "?"]
[Date "2024.03.09"]
[Round "8"]
[White "Danielsson, Fredrik"]
[Black "Naslund, Mikael"]
[Result "1/2-1/2"]
[WhiteElo "2109"]
[BlackElo "2136"]
[PlyCount "55"]
[SourceVersionDate "2024.03.16"]

1. e4 c5 2. Nc3 d6 3. d4 cxd4 4. Qxd4 a6 5. b3 Nc6 6. Qd2 Nf6 7. Bb2 e6 8.
O-O-O Be7 9. f4 O-O 10. Nf3 Qa5 11. g4 d5 12. e5 Nd7 13. Kb1 Bb4 14. Nd4 Nxd4
15. Qxd4 Qc5 16. h4 b5 17. Qxc5 Bxc5 18. Bg2 Ra7 19. Ne2 Rc7 20. Bd4 Be7 21.
Rh3 b4 22. c3 a5 23. Rc1 Ba6 24. cxb4 Rxc1+ 25. Nxc1 axb4 26. Rh1 Rc8 27. h5
Nc5 28. Rd1 1/2-1/2

[Event "Superettan(Farsta-Helsingborg)"]
[Site "?"]
[Date "2024.03.09"]
[Round "8"]
[White "Namini, Armin"]
[Black "Hakansson, Stefan"]
[Result "1-0"]
[WhiteElo "2168"]
[BlackElo "1998"]
[PlyCount "105"]
[SourceVersionDate "2024.03.16"]

1. c4 e5 2. Nc3 Nc6 3. Nf3 Nf6 4. e3 Be7 5. a3 d6 6. Be2 O-O 7. O-O h6 8. d4
exd4 9. Nxd4 Ne5 10. e4 Bd7 11. Re1 Nc6 12. Nc2 Nh7 13. Be3 Bf6 14. Nd5 Re8 15.
f3 Bg5 16. Bf2 Nf8 17. f4 Bf6 18. Bf3 Rb8 19. Rb1 Ng6 20. g3 b6 21. Qd2 Be7 22.
Bg2 Bf8 23. b3 Nge7 24. Nde3 Kh8 25. h3 Ng6 26. Kh2 Nge7 27. Rbd1 Be6 28. Qc3
f6 29. b4 Qc8 30. h4 Bf7 31. Bf3 Be6 32. Rg1 Nd8 33. Nd4 Bd7 34. Bh5 g6 35. Bf3
Bg7 36. Qd2 Ne6 37. Ne2 Nf8 38. Nc2 Be6 39. Ne3 Bd7 40. Rc1 Qb7 41. Bg2 Qc8 42.
Rge1 f5 43. exf5 Nxf5 44. Nxf5 Bxf5 45. Nd4 Bd7 46. Nc6 Bxc6 47. Bxc6 Nd7 48.
Qd3 Rxe1 49. Rxe1 Nf6 50. Qxg6 Qa6 51. Re7 Rg8 52. Bd4 Ng4+ 53. Kh3 1-0

[Event "Superettan(Kristallen-Skara)"]
[Site "?"]
[Date "2024.03.09"]
[Round "8"]
[White "Ljung, Harald"]
[Black "Thorn, Joachim"]
[Result "1/2-1/2"]
[WhiteElo "2120"]
[BlackElo "1974"]
[PlyCount "88"]
[SourceVersionDate "2024.03.16"]

1. d4 Nf6 2. Nf3 g6 3. c4 Bg7 4. g3 c5 5. d5 b5 6. cxb5 a6 7. bxa6 Bxa6 8. Bg2
d6 9. Nc3 O-O 10. O-O Qb6 11. Qc2 Nbd7 12. Bh3 Rfb8 13. Rd1 Qb7 14. e4 Ra7 15.
Rb1 Qa8 16. Bf4 Rb4 17. a3 Rb6 18. Be3 Rc7 19. Rdc1 Qb8 20. Na4 Rb3 21. Nd2
Rbb7 22. f4 Nf8 23. Bf2 h5 24. Nc4 Bxc4 25. Qxc4 Rb3 26. Rc3 Rcb7 27. Rxb3 Rxb3
28. Qc2 h4 29. Bf1 Ng4 30. Bd3 Nxf2 31. Kxf2 Bd4+ 32. Kg2 Nd7 33. Nc3 Nf6 34.
Qd1 Rxb2+ 35. Ne2 Ng4 36. Rxb2 Qxb2 37. Qb1 c4 38. Qxb2 Bxb2 39. Bb1 Bxa3 40.
gxh4 Bb2 41. h3 Ne3+ 42. Kf2 Nd1+ 43. Ke1 Ne3 44. Kf2 Nd1+ 1/2-1/2

[Event "Superettan(Burgsvik-Upsala)"]
[Site "?"]
[Date "2024.03.09"]
[Round "8"]
[White "Johansson, Jan"]
[Black "Haitin, Ilja"]
[Result "1-0"]
[WhiteElo "2279"]
[BlackElo "2284"]
[PlyCount "99"]
[SourceVersionDate "2024.03.16"]

1. d4 d5 2. Nf3 Nf6 3. c4 dxc4 4. e3 Bg4 5. Bxc4 e6 6. h3 Bh5 7. Nc3 Nbd7 8.
O-O Bb4 9. Be2 c5 10. Nb5 O-O 11. a3 Qa5 12. Rb1 Bxf3 13. gxf3 c4 14. Bxc4 Be7
15. Bd2 Qd8 16. Be2 a6 17. Nc3 e5 18. dxe5 Nxe5 19. f4 Ng6 20. e4 Bc5 21. f5
Qd6 22. Be3 Qxd1 23. Rbxd1 Bxe3 24. fxe3 Ne5 25. Rd2 Rfd8 26. Rfd1 Rxd2 27.
Rxd2 Kf8 28. Kf2 Rc8 29. Rd4 Nfd7 30. Kg3 Rc6 31. Bd1 g5 32. Ba4 b5 33. Bb3 Rh6
34. Bc2 Nf6 35. Rd8+ Kg7 36. Nd5 Nc4 37. Nxf6 Rxf6 38. Bd3 Nxe3 39. b3 Rc6 40.
Kf3 Nc2 41. e5 Ne1+ 42. Ke4 h5 43. f6+ Kg6 44. Rg8+ Kh6 45. Bb1 g4 46. hxg4 h4
47. Kd5 Rc3 48. g5+ Kh5 49. g6 fxg6 50. f7 1-0

[Event "Superettan(SS4Springare-Rock.,Sthlm II)"]
[Site "?"]
[Date "2024.03.09"]
[Round "8"]
[White "Hedman, Erik"]
[Black "Galperin, Platon"]
[Result "1/2-1/2"]
[WhiteElo "2311"]
[BlackElo "2556"]
[PlyCount "46"]
[SourceVersionDate "2024.03.16"]

1. e4 c5 2. c3 d5 3. exd5 Qxd5 4. d4 e6 5. Nf3 Nf6 6. Na3 a6 7. Nc4 Nbd7 8. Be2
b5 9. Nfd2 Rb8 10. Bf3 Qf5 11. Na5 cxd4 12. cxd4 Bd6 13. g4 Qd3 14. Qb3 Qxd4
15. Nc6 Qb6 16. Nxb8 Qxb8 17. g5 Nc5 18. Qe3 Nfd7 19. Ne4 Nxe4 20. Bxe4 O-O 21.
Bd2 Nc5 22. Bc2 Bb7 23. Rg1 Rc8 1/2-1/2

[Event "Superettan(Lulea-Schack 08)"]
[Site "?"]
[Date "2024.03.09"]
[Round "8"]
[White "Nyander, Joakim"]
[Black "Wulkan, Martin"]
[Result "1-0"]
[WhiteElo "2186"]
[BlackElo "2243"]
[PlyCount "81"]
[SourceVersionDate "2024.03.16"]

1. Nf3 Nf6 2. c4 e6 3. g3 d5 4. Bg2 d4 5. O-O Nc6 6. d3 Bc5 7. Bg5 a5 8. Nbd2
Be7 9. Nb3 a4 10. Bxf6 Bxf6 11. Nc5 a3 12. b4 Nxb4 13. Qb3 Be7 14. Qxb4 Qd6 15.
Qb5+ c6 16. Nxb7 Qc7 17. Qe5 Qxb7 18. Qxg7 Rf8 19. Rab1 Qc7 20. Nxd4 Bd7 21.
Qxh7 Ra5 22. Qe4 f5 23. Qf3 Ra6 24. e3 e5 25. Qh5+ Kd8 26. Nf3 Be8 27. Qh6 Rf6
28. Qg7 c5 29. d4 cxd4 30. exd4 e4 31. Ne5 Rab6 32. c5 Rb2 33. Qg8 Qb7 34. Rbc1
Rf8 35. Qg7 Qd5 36. c6 Bd6 37. Bh3 Kc8 38. c7 Qxd4 39. Qxf8 Bxf8 40. Bxf5+ Bd7
41. Nxd7 1-0

[Event "Superettan(Burgsvik-Upsala)"]
[Site "?"]
[Date "2024.03.09"]
[Round "8"]
[White "Andersson, Tommy"]
[Black "Svensson, Mans"]
[Result "1/2-1/2"]
[WhiteElo "2358"]
[BlackElo "2137"]
[PlyCount "134"]
[SourceVersionDate "2024.03.16"]

1. Nf3 Nf6 2. g3 e6 3. Bg2 d5 4. O-O Be7 5. d4 O-O 6. b3 c5 7. dxc5 Bxc5 8. Bb2
Nc6 9. Nbd2 Re8 10. Ne1 e5 11. Nd3 Bd6 12. e4 Bg4 13. Qe1 d4 14. h3 Be6 15. a3
a5 16. Qd1 Qd7 17. Kh2 b5 18. f4 Qc7 19. c3 dxc3 20. Bxc3 Nb4 21. Bxb4 axb4 22.
Rc1 Qb8 23. axb4 Ra2 24. Rc2 Rxc2 25. Qxc2 Bd7 26. Qc3 h6 27. fxe5 Bxe5 28.
Nxe5 Qxe5 29. Qxe5 Rxe5 30. Rc1 Re8 31. Rc5 Rd8 32. e5 Be6 33. Nf1 Nh7 34. Rxb5
Bxb3 35. Ne3 Be6 36. g4 Nf8 37. Kg3 Rd3 38. Kf2 Rd2+ 39. Ke1 Rb2 40. Bc6 Bd7
41. Nf5 Bxc6 42. Ne7+ Kh7 43. Nxc6 Ne6 44. Rb7 Kg6 45. Ne7+ Kg5 46. Nd5 Nd4 47.
Rxf7 Re2+ 48. Kd1 Rxe5 49. Rxg7+ Kh4 50. Nf4 Kg3 51. Rf7 Rb5 52. Nd3 Kxh3 53.
Rf6 Kg3 54. Kd2 h5 55. gxh5 Rxh5 56. Kc3 Nb5+ 57. Kb3 Rg5 58. Nc5 Re5 59. Rb6
Nc7 60. Kc4 Rf5 61. Nd3 Nd5 62. Rg6+ Kf3 63. b5 Ne3+ 64. Kb4 Nd5+ 65. Kb3 Nf4
66. Nxf4 Rxb5+ 67. Kc4 Rb8 1/2-1/2

[Event "Superettan(SS4Springare-Rock.,Sthlm II)"]
[Site "?"]
[Date "2024.03.09"]
[Round "8"]
[White "Sivuk, Vitaly"]
[Black "Berovski, Krum"]
[Result "1-0"]
[WhiteElo "2502"]
[BlackElo "2320"]
[PlyCount "85"]
[SourceVersionDate "2024.03.16"]

1. d4 Nf6 2. c4 e6 3. Nf3 Bb4+ 4. Nbd2 O-O 5. a3 Be7 6. e4 d5 7. e5 Nfd7 8. Bd3
c5 9. h4 h6 10. Bb1 cxd4 11. cxd5 exd5 12. Qc2 f5 13. Nb3 Nc6 14. Bf4 Qb6 15.
Ba2 Nc5 16. Nxc5 Qxc5 17. Qxc5 Bxc5 18. Bxd5+ Kh7 19. O-O-O Nd8 20. Nxd4 Bxd4
21. Rxd4 Ne6 22. Rc4 Rd8 23. Rd1 g5 24. hxg5 hxg5 25. Be3 f4 26. Be4+ Kg8 27.
Bd2 b5 28. Bxa8 bxc4 29. Bb4 Nd4 30. Be4 Nb3+ 31. Kc2 Rxd1 32. Kxd1 Kf7 33. Kc2
Ke6 34. Bd6 Ba6 35. Kc3 Nc1 36. Bh7 Nd3 37. Bg8+ Kd7 38. f3 Ne1 39. Bc5 Bb5 40.
Bf7 Kd8 41. e6 Be8 42. e7+ Kd7 43. Bxc4 1-0

[Event "Superettan(Lulea-Schack 08)"]
[Site "?"]
[Date "2024.03.09"]
[Round "8"]
[White "Varga, Zoltan"]
[Black "Karlsson, Tomas"]
[Result "1-0"]
[WhiteElo "2366"]
[BlackElo "2278"]
[PlyCount "73"]
[SourceVersionDate "2024.03.16"]

1. c4 e6 2. Nf3 d5 3. g3 Nf6 4. Bg2 Be7 5. d4 O-O 6. Nc3 b6 7. cxd5 exd5 8. O-O
Bb7 9. Bf4 c5 10. dxc5 bxc5 11. Rc1 Nbd7 12. Nh4 Nb6 13. Nf5 Re8 14. Nb5 Qd7
15. Nbd6 Bxd6 16. Nxd6 Re7 17. Nxb7 Qxb7 18. Rxc5 h6 19. b3 Rc8 20. Be3 Rec7
21. Rxc7 Rxc7 22. Qd3 Qc8 23. Bd4 Nbd7 24. Bh3 Qb7 25. Qe3 Ne4 26. Rc1 a6 27.
Bf5 Ndf6 28. Rxc7 Qxc7 29. f3 Nd6 30. Bd3 Nfe8 31. Bxa6 Qa5 32. Bd3 Qxa2 33.
Kg2 Qa8 34. Bc5 Qc6 35. b4 Nb7 36. Bd4 Nbd6 37. Qe7 1-0

[Event "Superettan(Burgsvik-Upsala)"]
[Site "?"]
[Date "2024.03.09"]
[Round "8"]
[White "Wagner, Stephan"]
[Black "Persson, Mats"]
[Result "0-1"]
[WhiteElo "2264"]
[BlackElo "2252"]
[PlyCount "90"]
[SourceVersionDate "2024.03.16"]

1. c4 e6 2. g3 d5 3. Nf3 Nf6 4. Bg2 c6 5. b3 Bd6 6. Bb2 O-O 7. O-O Nbd7 8. d4
Ne4 9. Ne5 f6 10. Nxd7 Bxd7 11. f3 Ng5 12. Nd2 f5 13. Qe1 h6 14. a4 Qe7 15. c5
Bc7 16. f4 Nh7 17. Nf3 g5 18. Bc1 g4 19. Ne5 Be8 20. Bd2 Nf6 21. b4 Kg7 22. Qb1
a6 23. Qb2 h5 24. Be1 Rh8 25. Bf2 Nh7 26. Rfb1 Nf8 27. Qc3 Bxe5 28. dxe5 Ng6
29. b5 cxb5 30. axb5 Bxb5 31. Rb2 h4 32. Qd4 hxg3 33. hxg3 Qf7 34. Qc3 Ne7 35.
Bd4 Kg6 36. Qe3 Nc6 37. Rd2 Qc7 38. Bc3 Rad8 39. Rdd1 Rh6 40. Kf2 Rh2 41. Kg1
Qh7 42. Bb2 Rh8 43. Kf1 Rxg2 44. Kxg2 Qh2+ 45. Kf1 Bxe2+ 0-1

[Event "Superettan(SS4Springare-Rock.,Sthlm II)"]
[Site "?"]
[Date "2024.03.09"]
[Round "8"]
[White "Bator, Robert"]
[Black "Larkin, Vladyslav"]
[Result "0-1"]
[WhiteElo "2356"]
[BlackElo "2484"]
[PlyCount "130"]
[SourceVersionDate "2024.03.16"]

1. e4 c5 2. Nf3 e6 3. c3 Nf6 4. e5 Nd5 5. Bc4 Nb6 6. Bb3 c4 7. Bc2 g5 8. h3 Nc6
9. b3 Qc7 10. Qe2 cxb3 11. axb3 Nd5 12. O-O Nf4 13. Qe3 b5 14. d4 h6 15. c4 Rb8
16. Be4 bxc4 17. bxc4 Na5 18. c5 Be7 19. Nbd2 Bb7 20. Kh2 f5 21. Bxb7 Rxb7 22.
Qc3 Nc6 23. Nc4 Nd5 24. Qd3 Ncb4 25. Qd2 Qd8 26. Nd6+ Bxd6 27. exd6 Nc6 28. Ra6
g4 29. Rxc6 gxf3 30. Ra6 fxg2 31. Rg1 Qh4 32. Rxg2 Kf7 33. Ra3 Nf6 34. Rag3 Nh5
35. Rf3 Qe4 36. Qc3 Rb1 37. d5 e5 38. Bd2 f4 39. c6 Nf6 40. cxd7 Rd8 41. Qc7
Rxd7 42. Rc3 Qxd5 43. Bc1 Qxd6 44. Qc8 Rb8 45. Qc4+ Qd5 46. f3 Qxc4 47. Rxc4
Rb1 48. Re2 Rd1 49. Rc7+ Kg6 50. Rec2 Nd5 51. R2c6+ Nf6 52. h4 h5 53. Rc2 Kf5
54. R7c6 Rb6 55. R6c5 Rd5 56. Rc7 Rd3 57. Kg2 Rbb3 58. R2c6 Rxf3 59. Rf7 Rg3+
60. Kf2 Rg6 61. Bd2 Rb6 62. Rcc7 Kg4 63. Be1 Rb2+ 64. Kf1 Nd5 65. Rxa7 Ne3+ 0-1

[Event "Superettan(Lulea-Schack 08)"]
[Site "?"]
[Date "2024.03.09"]
[Round "8"]
[White "Laveryd, Peter"]
[Black "Mikheev, Stanislav"]
[Result "1/2-1/2"]
[WhiteElo "2350"]
[BlackElo "2235"]
[PlyCount "115"]
[SourceVersionDate "2024.03.16"]

1. e4 e5 2. Nf3 Nf6 3. Nc3 Bb4 4. Nxe5 O-O 5. Nd3 Bxc3 6. dxc3 Nxe4 7. Be2 Re8
8. O-O d6 9. Re1 Nd7 10. Bf1 b6 11. f3 Nec5 12. Rxe8+ Qxe8 13. Qe2 Qxe2 14.
Bxe2 Ba6 15. b3 Re8 16. Bf1 Nxd3 17. cxd3 f6 18. Kf2 Kf7 19. Bb2 c5 20. c4 d5
21. cxd5 Bb7 22. d4 Bxd5 23. Rd1 cxd4 24. Rxd4 Be6 25. Bb5 Rc8 26. Rd2 Rc7 27.
h4 h5 28. Ba3 Bf5 29. Bd6 Rc1 30. Bxd7 Bxd7 31. Bb8 Bf5 32. Bxa7 b5 33. Ke3 Rc2
34. Rxc2 Bxc2 35. Kd2 Bb1 36. a4 bxa4 37. bxa4 Ke6 38. a5 Kd5 39. a6 Kc6 40.
Bd4 Ba2 41. a7 Kb7 42. Kc3 Be6 43. Bc5 g5 44. Bf2 gxh4 45. Bxh4 Kxa7 46. Bxf6
Kb6 47. Kd4 Kc6 48. Ke5 Kd7 49. Bh4 Bc4 50. Kf6 Ke8 51. Kg6 Bf1 52. g3 Be2 53.
f4 Kf8 54. f5 Bd3 55. Bd8 Kg8 56. Be7 Bc2 57. Bc5 Bd3 58. Kf6 1/2-1/2

[Event "Superettan(Burgsvik-Upsala)"]
[Site "?"]
[Date "2024.03.09"]
[Round "8"]
[White "Larsson, Victor"]
[Black "Malm Lindberg, Henrik"]
[Result "0-1"]
[WhiteElo "2173"]
[BlackElo "2126"]
[PlyCount "118"]
[SourceVersionDate "2024.03.16"]

1. d4 Nf6 2. Nf3 e6 3. Bf4 b6 4. e3 Bb7 5. h3 Be7 6. Bd3 c5 7. O-O O-O 8. c4
cxd4 9. Nxd4 d6 10. Bg5 Nbd7 11. Nc3 Rc8 12. Rc1 a6 13. b3 Rc7 14. Re1 Qa8 15.
Bf1 Rfc8 16. Nde2 Qb8 17. e4 h6 18. Bh4 Ba8 19. f4 b5 20. Ng3 Qb6+ 21. Kh2 Bf8
22. e5 Ne8 23. f5 Nxe5 24. fxe6 fxe6 25. Rxe5 dxe5 26. Bd8 Qd4 27. Bxc7 Rxc7
28. Qe1 Bb4 29. Nge2 Qe3 30. Qg3 Qxg3+ 31. Nxg3 Nf6 32. a4 bxa4 33. Nxa4 e4 34.
Rd1 Bc6 35. c5 Bb5 36. Rd4 Bxc5 37. Nxc5 Rxc5 38. Nxe4 Nxe4 39. Bxb5 axb5 40.
Rxe4 Kf7 41. Rd4 Ke7 42. Kg1 Rf5 43. Rg4 g5 44. Rd4 h5 45. Rd2 Rd5 46. Rc2 Kd6
47. Rc8 Rf5 48. Rh8 h4 49. Rc8 e5 50. Rc3 e4 51. b4 Ke5 52. Rc5+ Kf4 53. Rc3 e3
54. Kf1 Ke4+ 55. Ke1 Rf2 56. Rc5 Rxg2 57. Rxb5 g4 58. Rh5 gxh3 59. Kf1 Rg4 0-1